| 000 | 00795nas a2200265 4500 | ||
|---|---|---|---|
| 001 | BR9502236 | ||
| 003 | BR-BrBNA | ||
| 005 | 20231205093953.0 | ||
| 007 | ta | ||
| 008 | 230509b bl.|||p| |||| 00| 00por d | ||
| 040 |
_aBR-BrBNA _bpor _cBiblioteca Nacional de Agricultura |
||
| 041 | _a(Pt) | ||
| 072 | _aH10 | ||
| 100 | 1 | _aCavichioli, R.R. | |
| 100 | 1 | _aZanol, K.M.R. | |
| 245 | 1 | _aEspecies de Cicadellinae, Deltocephalinae (Homoptera, Cicadellidae)da ilha de Maraca, Roraima | |
| 650 | _aHomoptero | ||
| 650 | _aBiologia | ||
| 650 | _aFlutuacao Populacional | ||
| 650 | _aDistribuicao Geografica | ||
| 650 | _aRoraima | ||
| 773 | 0 |
_tActa Amazonica (Brazil) _xISSN 0044-5967 _g(1991), v. 21 p. 55-61 _wBR9502236 |
|
| 909 |
_a202311 _bLúcia _c55 _dLúcia Elande |
||
| 942 |
_2AGRIS _n0 _cANA |
||
| 999 |
_c141362 _d141362 |
||